000 00492nam a2200181Ia 4500
999 _c7246
_d7246
003 OSt
005 20200824113012.0
008 151021s9999 xx 000 0 und d
020 _a996634084
040 _aMMU
_beng
_cMMU
_dMMU
245 _a_Macmillan Secondary School Atlas
260 _aNairobi :
_b Macmillan,
_c 2005.
300 _a136 p. :
_b(col.) ill.
500 _aIncludes index
650 _a_Secondary Atlas
942 _2lcc
_cREFERENCE
980 _a^d20110511 01:48:11^okilerai